Las tres tragedias del lamparero alucinado

Kaydedildi:
Detaylı Bibliyografya
Yazar: Remenyik, Zsigmond (Yazar)
Materyal Türü: Kitap
Dil:İspanyolca
Baskı/Yayın Bilgisi: Valparaíso Ediciones del Caxicondor 2009
Edisyon:2a. ed
Konular:
Etiketler: Etiketle
Etiket eklenmemiş, İlk siz ekleyin!

MARC

LEADER 00000cam a2200000 a 4500
001 UCD6514
003 CL-VaPUC
008 161216e20090000cl |||||||||||||||||spa|d
020 |a 9789569507014 
082 0 4 |a 894.511  |b REM  |2 21 
100 0 |a Remenyik, Zsigmond  |e author  |9 590360 
245 1 4 |a Las tres tragedias del lamparero alucinado 
250 |a 2a. ed 
300 |a 125 p 
942 |c BK 
945 |d 20161216 10:21:00  |a dcastane 
260 |a Valparaíso  |b Ediciones del Caxicondor  |c 2009 
650 7 |a POESIAS HUNGARAS  |2 CL-VaPUC  |9 332512 
650 0 |a Literatura húngara   |9 350022 
583 |a last modification  |c 20161216 10:21:00  |k Rodrigo Vera 
999 |c 366820  |d 366818 
952 |0 0  |1 0  |3 erb  |4 0  |6 894_511000000000000_REM_2009  |7 0  |8 X  |9 481371  |a FDOBUD  |b FDOBUD  |i 532534K  |o 894.511 REM 2009  |p 532534K  |r 2019-11-24  |w 2019-11-24  |y BK_X  |z Catalogado en:20161216  |k BUD